| 000 | 01136nam a22003377a 4500 | ||
|---|---|---|---|
| 001 | 0005541 | ||
| 003 | KOHA_MİRAKIL | ||
| 005 | 20260207001448.0 | ||
| 007 | ta | ||
| 008 | 090528b2006 tu |||gr||||#||||0|tur | | ||
| 020 |
_a9756516186 _c0,01 |
||
| 040 |
_aTR-BiSEU _btur _cTR-BiSEU _erda |
||
| 041 | 0 | _atur | |
| 044 | _ctu | ||
| 050 |
_aHD57.7 _b.S24 2006 |
||
| 100 | 1 | _aSafty, Adel. | |
| 245 | 1 |
_aGlobal leadership : _bvalue leadership, innovantion, information revolution, creativity and corporate social responsibility/ _cAdel Safty ; Adel Safty; foreward by Ahmet Hayri Durmuş. |
|
| 264 | 1 |
_aİstanbul : _bİstanbul Commerce University _c2006 |
|
| 300 | _ax,454 sayfa | ||
| 336 |
_ametin _btxt _2rdacontent |
||
| 337 |
_aaracısız _bn _2rdamedia |
||
| 338 |
_acilt _bnc _2rdacarrier |
||
| 490 | 1 | _aİstanbul Commerce Universitypublications ;no 19 | |
| 500 | _aKaynakça bölüm sonlarındadır. | ||
| 650 | 0 |
_aManagement. _94546 |
|
| 650 | 0 |
_aLeadership. _96507 |
|
| 650 | 0 |
_aYönetim. _93705 |
|
| 650 | 0 |
_aLiderlik. _93701 |
|
| 830 | 1 |
_aİstanbul Commerce Universitypublications ;no 19 _913353 |
|
| 942 |
_2lcc _cBK |
||
| 999 |
_c5522 _d5522 |
||